De l’objet à la société romaine

محفوظ في:

المؤلف الرئيسي: Touatia Amraoui

التنسيق: كتاب

اللغة: Undetermined

الوصول للمادة أونلاين: Login to view Source

الوسوم: إضافة وسم

لا توجد وسوم, كن أول من يضع وسما على هذه التسجيلة!

رقم الطلب:

LEADER 00438nmm a2200133Ia 4500
008 240716s9999||||xx |||||||||||||||||und||
020 |a 9781803276021 
020 |a 9781803276038 
100 |a Touatia Amraoui 
245 1 0 |a De l’objet à la société romaine  |c Touatia Amraoui 
264 |b Archaeopress Archaeology  |c 8-فبراير-24 
856 4 0 |u http://library.arce.org:8087/Archaeopress/Products/9781803276021 
942 |2 lcc  |c EBOOK 
999 |c 58956  |d 58956